LEADER 01062nam a2200253 i 4500 001 000000168404 003 CaOOAMICUS 005 20080111000000.0 008 080111s1995 it u000 u ita u 013 $a145806 040 $aSeMil$bita 245 10$aSondrio e il suo territorio /$cA cura di Ottavio Lurati, Renata Meazza [e] Angelo Stella. 260 $aMilano :$bSilvana Editoriale,$ccopyr. 1995. 300 $a668 p. :$bill. ;$c22 cm. 490 0 $aMondo popolare in Lombardia ;$v15 650 4$aSondrio .$0(OLS)http://semarc/subject/32106 700 1 $aMeazza, Renata.$0(OLS)http://semarc/name/63228 700 1 $aLurati, Ottavio.$0(OLS)http://semarc/name/63227 830 0$aMondo popolare in Lombardia ;$v15.$0(OLS)http://semarc/title/2075 850 $aSeMil 852 $aSeMil$W1$xVenegono$y1$m3P I 191$j119482$B119482$CSeMilBibl$Z2$F133231 $81 961 $aOmaggio: Altro 996 $6245$aSondrio e il suo territorio$9(OLS)http://semarc/title/240927 996 $6260$aMilano :$bSilvana Editoriale$9(OLS)http://semarc/publisher/35298 LEADER 01195nam a2200265 i 4500 001 000000242653 003 CaOOAMICUS 005 20150610000000.0 008 150610s2013 it u000 u ita u 013 $a221558 020 $a978-88-7506-206-4 040 $aSeMil$bita 100 1 $aSardini, Davide.$0(OLS)http://semarc/name/66878 245 10$aEchi biblici nella letteratura italiana :$brassegna degli studi recenti /$cDavide Sardini ... [et al.]. 260 $aBornato in Franciacorta (BS) :$bSardini,$c2013. 300 $a142 p. ;$c24 cm. 490 0 $aBibbia e oriente. Monografie ;$v1 650 4$aBibbia e letteratura italiana.$0(OLS)http://semarc/subject/3652 830 0$aBibbia e oriente. Monografie ;$v1.$0(OLS)http://semarc/title/43446 850 $aSeMil 852 $aSeMil$W1$xVenegono$y1$m1O IV 179$j192999$B192999$CSeMilBibl$Z2$F203997 $81 961 $aAcquisto: LI.CO.SA 996 $6020$a978-88-7506-206-4$9(OLS)http://semarc/number/250069 996 $6245$aEchi biblici nella letteratura italiana :$brassegna degli studi recenti$9(OLS)http://semarc/title/344407 996 $6260$aBornato in Franciacorta (BS) :$bSardini$9(OLS)http://semarc/publisher/39130